Innovation: managing the development of profitable new products

Guardat en:
Dades bibliogràfiques
Autor principal: Milton D. Rosenau
Format: Llibre
Idioma:Undetermined
Publicat: Belmont Lifetime Learning Publications 1982
Matèries:
Etiquetes: Afegir etiqueta
Sense etiquetes, Sigues el primer a etiquetar aquest registre!
Thư viện lưu trữ: Trung tâm Học liệu Trường Đại học Cần Thơ
LEADER 00550nam a2200193Ia 4500
001 CTU_87221
008 210402s9999 xx 000 0 und d
082 |a 658.5 
082 |b R813 
100 |a Milton D. Rosenau 
245 0 |a Innovation: 
245 0 |b managing the development of profitable new products 
245 0 |c Milton D. Rosenau 
260 |a Belmont 
260 |b Lifetime Learning Publications 
260 |c 1982 
650 |a new products--management. 
904 |i Hiếu 
980 |a Trung tâm Học liệu Trường Đại học Cần Thơ